01018nam a2200313 a 4500003000900000005001700009008004100026040001300067100002700080245006500107260010100172300002000273600002500293600002200318600002000340600002100360600002200381650002300403650001500426650002600441650003200467650002200499650002400521655001500545942000700560998001200567999001500579952011000594AR-BaBNM20251128202929.0082120s2002 ||||||||||||||000 | spa|| cAR-BaBNM1 aRatto, Héctor Raúl00aDe la marina heroica...bcinco biografías de jefes navales aBuenos AiresbConsejo Nacional de EducaciónbComisión de homenaje a la Armada Nacionalc1936 a283 p.bláms.14aBouchard, Hipólito14aRosales, Leonardo14aEspora, Tomás14aBrown, Guillermo14aPiedrabuena, Luis 4aHISTORIA ARGENTINA 4aBIOGRAFIAS 4aHISTORIA DE LA ARMADA 4aGUERRAS DE LA INDEPENDENCIA 4aGUERRA DEL BRASIL 4aHISTORIA PATAGONICA aBIOGRAFIAS cBK cEnrique c1197d1197 00102ddc405171aLPLbLPLd2025-11-28l0o929[82] MAR ratp062523r2025-11-28 20:29:29w2025-11-28yBK